La reforma agraria en Costa Rica /

Criterio jurídico para la realización de una reforma agraria integral en Costa Rica investiga dentro del marco del derecho agrario, las razones por las cuales, existiendo en Costa Rica un ordenamiento jurídico, se ha llevado a la práctica una reforma agraria integral./ALLV

Spremljeno u:
Bibliografski detalji
Glavni autor: Barahona Rivera, Francisco
Format: Disertacija
Izdano: San José: UCR
Teme:
Oznake: Dodaj oznaku
Bez oznaka, Budi prvi tko označuje ovaj zapis!

MARC

LEADER 00000 a a2200000 04500
001 19710
003
040 |a CRAI/IIS  |c CRAI/IIS 
090 |a 07906.00  
100 |a Barahona Rivera, Francisco  
245 |a La reforma agraria en Costa Rica /  |c Francisco Barahona Rivera 
260 |a San José:   |b UCR  
300 |a 165 páginas  
502 |a Tesis (Licenciado en Derecho) -- Universidad de Costa Rica. Facultad de Derecho, 1973  
520 |a Criterio jurídico para la realización de una reforma agraria integral en Costa Rica investiga dentro del marco del derecho agrario, las razones por las cuales, existiendo en Costa Rica un ordenamiento jurídico, se ha llevado a la práctica una reforma agraria integral./ALLV  
650 |a REFORMA AGRARIA  
650 |a LEGISLACION AGRARIA  
999 |c 18036  |d 18036